<?xml version="1.0" encoding="UTF-8"?>
<marc:record xmlns:marc="http://www.loc.gov/MARC21/slim">
   <marc:leader>00000nam a2200000 a 4500</marc:leader>
   <marc:datafield ind1=" " ind2=" " tag="653">
      <marc:subfield code="a">Bibel</marc:subfield>
   </marc:datafield>
   <marc:datafield ind1="0" ind2="0" tag="245">
      <marc:subfield code="a">P.M - Ausgabe 12/,2016</marc:subfield>
   </marc:datafield>
   <marc:datafield ind1="0" ind2="0" tag="245">
      <marc:subfield code="b">Welt des Wissens</marc:subfield>
   </marc:datafield>
   <marc:datafield ind1=" " ind2="1" tag="264">
      <marc:subfield code="c">2016</marc:subfield>
   </marc:datafield>
   <marc:datafield ind1="1" ind2=" " tag="520">
      <marc:subfield code="a">Städte, Kriege, Gesetzte - Was die Bibel verrät - Die Heilige Schrift und der Beginn unserer Zivilisation
- Grenzwertig - Menschenherzen aus dem Schwein: Gehen wir zu weit?
- Durchdacht - Europas Pläne für ein Dorf auf dem Mond
- Revolutionär - Der Motor, der fast alles schluckt, spart - und funktioniert</marc:subfield>
   </marc:datafield>
</marc:record>
